[Event "Challenge"]
[Site "http://www.queenalice.com/game.php?id=27821"]
[Date "2005.9.9"]
[Round "-"]
[White "pfilho"]
[Black "cadulima"]
[Result "0-1"]
[WhiteElo "1406"]
[BlackElo "1573"]

1. e4 e5 2. Nf3 d6 3. c4 Bg4 4. Qb3 Bxf3 5. gxf3 b6 6. Qa4+ Nd7 7. Bh3 Nf6 8. d3
Be7 9. Bg5 O-O 10. f4 Nc5 11. Qd1 exf4 12. Bxf6 Bxf6 13. Bf5 g6 14. Qg4 Bxb2 15.
d4 Nd3+ 16. Ke2 Nxf2 17. Kxf2 Bxd4+ 18. Ke2 Bxa1 19. Qxf4 Be5 20. Qg4 Bg7 21.
Rg1 Qf6 22. e5 Qxf5 23. Qg2 Qxe5+ 24. Kf2 Qb2+ 25. Kf3 c5 26. Rd1 Qb4 27. Qf1
Rfd8 28. a3 Qb3+ 29. Rd3 Qxc4 30. Nd2 Qe6 31. h4 Qf5+ 32. Kg2 Qg4+ 33. Kf2 Qxh4+
34. Ke3 Re8+ 35. Kf3 Qf6+ 36. Kg2 Qxf1+ 37. Kxf1 Re6 38. Nc4 Rf6+ 39. Ke2 Re8+
40. Kd2 Rf2+ 41. Kc1 Re1+ 42. Rd1 Bb2+ 43. Nxb2 Ree2 44. Rxd6 Rxb2 45. Rd7 c4
46. a4 Ra2 47. Kb1 c3 48. Rxa7 c2+ 49. Kxa2 c1+=Q+ 50. Kb3 Qc2+ 51. Kb4 Rf4+ 52.
Kb5 Rb4+ 53. Kxb4 Qc5+ 54. Kb3 b5 55. Ra5 bxa4+ 56. Kxa4 Qxa5+ 57. Kxa5 h5 58.
Kb5 h4 59. Kc5 h3 60. Kd6 h2 61. Ke7 h1=Q 62. Kf6 Qf3+ 63. Ke5 f6+ 64. Ke6 Kf8
65. Kd6 Ke8 66. Kc7 Qd5 67. Kb6 Kd7 0-1

[Event "Challenge"]
[Site "http://www.queenalice.com/game.php?id=27829"]
[Date "2005.9.9"]
[Round "-"]
[White "pfilho"]
[Black "p3dr0"]
[Result "1-0"]
[WhiteElo "1424"]
[BlackElo "1297"]

1. e4 e5 2. Nf3 d5 3. Nxe5 g5 4. Nc3 Ne7 5. Qf3 f5 6. d3 Nec6 7. Qh5+ Ke7 8.
Qf7+ Kd6 9. Nb5+ Kc5 10. Qxd5+ Kb6 11. Be3+ Ka6 12. Qc4 Nxe5 13. Nxc7+ Ka5 14.
Qb5# 1-0

[Event "Challenge"]
[Site "http://www.queenalice.com/game.php?id=28049"]
[Date "2005.9.11"]
[Round "-"]
[White "Myane"]
[Black "pfilho"]
[Result "1-0"]
[WhiteElo "1259"]
[BlackElo "1389"]

1. e4 Nf6 2. d3 e5 3. Nf3 d6 4. c4 Bg4 5. Be2 Bxf3 6. Bxf3 a6 7. O-O b5 8. b3 c6
9. Qc2 Nbd7 10. Be3 bxc4 11. Qxc4 d5 12. Qxc6 Rc8 13. Qxa6 Bb4 14. Bg5 Ra8 15.
Qb5 Rb8 16. Qa4 O-O 17. exd5 Qb6 18. Bxf6 Nxf6 19. Rc1 Rfe8 20. Nc3 Ra8 21. Qb5
Qxb5 22. Nxb5 Reb8 23. a4 Rd8 24. d6 Bxd6 25. Bxa8 Rxa8 26. Nxd6 Rd8 27. a5 Rxd6
28. Rc8+ Rd8 29. Rxd8+ Ne8 30. Rxe8# 1-0

[Event "AUTO-MASTER-39"]
[Site "http://www.queenalice.com/game.php?id=28064"]
[Date "2005.9.11"]
[Round "1"]
[White "pfilho"]
[Black "Nephi_R"]
[Result "0-1"]
[WhiteElo "1309"]
[BlackElo "1723"]

1. e4 c6 2. Nf3 d5 3. exd5 cxd5 4. Ne5 Nf6 5. c3 e6 6. Bb5+ Bd7 7. Na3 Bxa3 8.
Qa4 Bd6 9. d4 O-O 10. Bg5 Bxb5 11. Qxb5 b6 0-1

[Event "AUTO-MASTER-39"]
[Site "http://www.queenalice.com/game.php?id=28079"]
[Date "2005.9.11"]
[Round "1"]
[White "edwin"]
[Black "pfilho"]
[Result "1-0"]
[WhiteElo "1879"]
[BlackElo "1276"]

1. e4 Nf6 2. Nc3 e5 3. Nf3 Nc6 4. Bc4 d6 5. d4 Bg4 6. O-O Bxf3 7. Qxf3 Nxd4 8.
Qd3 c6 9. Be3 d5 10. exd5 cxd5 11. Bxd5 Nxd5 12. Bxd4 exd4 13. Qxd4 Rc8 14. Nxd5
Bc5 15. Qxg7 Rf8 16. Rfe1+ Kd7 17. Nf6+ Kc7 18. Rad1 1-0

[Event "AUTO-MASTER-39"]
[Site "http://www.queenalice.com/game.php?id=28080"]
[Date "2005.9.11"]
[Round "1"]
[White "pfilho"]
[Black "edwin"]
[Result "0-1"]
[WhiteElo "1274"]
[BlackElo "1881"]

1. e4 e5 2. d3 Bc5 3. c3 d6 4. Nf3 Nf6 5. b4 Bb6 6. d4 exd4 7. cxd4 O-O 8. e5
dxe5 9. dxe5 Ng4 10. Rg1 Bxf2+ 11. Ke2 Qxd1+ 12. Kxd1 Nxe5 13. Rh1 Nxf3 14. gxf3
Bd4 15. Bc4 Bxa1 16. a4 Nc6 17. Bf4 Nxb4 0-1

[Event "AUTO-MASTER-39"]
[Site "http://www.queenalice.com/game.php?id=28091"]
[Date "2005.9.11"]
[Round "1"]
[White "pfilho"]
[Black "dladetto"]
[Result "0-1"]
[WhiteElo "1354"]
[BlackElo "1870"]

1. e4 e5 2. Bc4 Nf6 3. Nf3 Nc6 4. d3 Be7 5. Ng5 O-O 6. c3 d5 7. Bxd5 Nxd5 8.
exd5 Qxd5 9. O-O Bf5 10. Qh5 Rad8 11. c4 Qxd3 12. h3 f6 13. Rd1 Qxd1+ 14. Qxd1
Rxd1+ 15. Kh2 Rxc1 16. b3 fxg5 17. g4 Rxb1 18. Rxb1 Bxb1 19. a4 Ba2 20. b4 Bxb4
21. c5 Bxc5 22. f3 Rxf3 23. Kg2 Bd5 24. Kh2 Rf1 25. Kg3 Bf2+ 26. Kh2 Rh1# 0-1

[Event "AUTO-MASTER-39"]
[Site "http://www.queenalice.com/game.php?id=28092"]
[Date "2005.9.11"]
[Round "1"]
[White "dladetto"]
[Black "pfilho"]
[Result "1-0"]
[WhiteElo "1872"]
[BlackElo "1309"]

1. e4 Nf6 2. e5 Ne4 3. Bc4 e6 4. Nf3 d5 5. exd6 cxd6 6. d3 Nc5 7. Nc3 d5 8. Bb5+
Bd7 9. a4 a6 10. Bxd7+ Qxd7 11. b4 d4 12. Ne2 Nxa4 13. Bd2 Nc6 14. Rxa4 a5 15.
bxa5 Nxa5 16. Rxa5 Rc8 17. Nexd4 Bc5 18. Nb3 Qd5 19. Nxc5 Rxc5 20. Rxc5 Qxc5 21.
O-O O-O 22. Qb1 b5 23. Bb4 Qc7 24. Bxf8 Kxf8 25. Qb4+ Ke8 26. Qxb5+ Kd8 27. c4
h6 28. Rb1 1-0

[Event "AUTO-ADV-81"]
[Site "http://www.queenalice.com/game.php?id=28185"]
[Date "2005.9.11"]
[Round "1"]
[White "pfilho"]
[Black "Gandwynn"]
[Result "0-1"]
[WhiteElo "1424"]
[BlackElo "1703"]

1. e4 e5 2. Nf3 Nc6 3. Nc3 Nf6 4. Bb5 d6 5. d3 Bd7 6. Bg5 h6 7. Bxf6 Qxf6 8. g4
O-O-O 9. Nd5 Qe6 10. Qe2 Qxg4 11. Rg1 Qh5 12. O-O-O Nd4 13. Qd2 Nxf3 14. Qc3
Nxg1 15. Rxg1 c6 16. Qc4 Kb8 17. a4 cxd5 18. exd5 Bxb5 19. Qxb5 Qxh2 20. Rd1
Qxf2 21. a5 Qc5 22. Qa4 Qxd5 23. Rf1 f6 24. Kb1 Qc6 25. Qb4 d5 26. Qb3 Rc8 27.
Rf2 d4 28. Kc1 Qh1+ 29. Kd2 Qg1 30. Re2 h5 31. a6 b6 32. Qd5 Bb4+ 33. c3 dxc3+
34. bxc3 Bxc3+ 35. Kc2 Bd4+ 36. Kd2 Qc1# 0-1

[Event "AUTO-ADV-81"]
[Site "http://www.queenalice.com/game.php?id=28186"]
[Date "2005.9.11"]
[Round "1"]
[White "Gandwynn"]
[Black "pfilho"]
[Result "1-0"]
[WhiteElo "1708"]
[BlackElo "1414"]

1. e4 Nf6 2. e5 Nd5 3. d4 Nc6 4. Nf3 e6 5. Bc4 Ndb4 6. c3 Nd5 7. Bxd5 exd5 8.
O-O b6 9. Bg5 Be7 10. Bxe7 Nxe7 11. Qd3 c5 12. Ng5 c4 13. Qf3 O-O 14. Qh3 h6 15.
Nf3 h5 16. Qxh5 b5 17. Ng5 Re8 18. Qxf7+ Kh8 19. Qh5+ Kg8 20. Qh7+ Kf8 21. Qh8+
Ng8 22. Qh5 Nh6 23. Qf3+ Kg8 24. Qxd5+ Kf8 25. Nh7+ Ke7 26. Qxa8 Rh8 27. Qe4 d5
28. exd6+ Kd7 29. Qe7+ Qxe7 30. dxe7 Kxe7 31. Ng5 Kd8 32. Nd2 Rf8 33. Rae1 Rf5
34. Ne6+ Bxe6 35. Rxe6 Rf8 36. Rfe1 Kc7 37. Re7+ Kb6 38. R1e6+ Ka5 39. Rxa7# 1-0

[Event "AUTO-ADV-81"]
[Site "http://www.queenalice.com/game.php?id=28187"]
[Date "2005.9.11"]
[Round "1"]
[White "pfilho"]
[Black "Morbid"]
[Result "0-1"]
[WhiteElo "1266"]
[BlackElo "1458"]

1. e4 Nc6 2. Nf3 e5 3. Bb5 Bd6 4. g3 a6 5. Bxc6 bxc6 6. h4 Nf6 7. d3 c5 8. Bg5
h6 9. Bxf6 Qxf6 10. g4 Rb8 11. b3 Qf4 12. c3 Qxg4 13. Rg1 Qe6 14. Rxg7 Qf6 15.
Rg3 a5 16. Nbd2 Be7 17. b4 cxb4 18. cxb4 Rxb4 19. Rc1 Rb2 20. Rxc7 Qa6 21. Qc1
Rb8 22. Nxe5 Qe6 23. Ndc4 Bd6 24. f4 Bxc7 25. f5 Qf6 26. Ng4 Bxg3+ 27. Kf1 Qxh4
28. Nge5 Qh1+ 29. Ke2 Qxc1 30. Nxa5 Rb2+ 31. Kf3 Bxe5 32. Nc4 Qf1+ 33. Kg4 Rg8+
0-1

[Event "AUTO-ADV-81"]
[Site "http://www.queenalice.com/game.php?id=28188"]
[Date "2005.9.11"]
[Round "1"]
[White "Morbid"]
[Black "pfilho"]
[Result "1-0"]
[WhiteElo "1447"]
[BlackElo "1324"]

1. f4 Nf6 2. Nf3 Nd5 3. e3 e6 4. c4 Nb6 5. e4 f5 6. c5 Bxc5 7. e5 Nd5 8. Nc3 O-O
9. d4 Bb4 10. Bd2 b6 11. Nxd5 exd5 12. Bxb4 Re8 13. Qb3 c6 14. h4 a5 15. Bd2 Ba6
16. Bxa6 Nxa6 17. h5 b5 18. h6 a4 19. Qc2 Rb8 20. Qxf5 Rf8 21. Qg4 g6 22. f5
Rxf5 23. Rh5 Rxh5 24. O-O-O Rxh6 25. Bxh6 Nb4 26. Kb1 d6 27. Qe6+ Kh8 28. exd6
Rb7 29. a3 Na6 30. Ng5 c5 31. Nf7+ Kg8 32. Nxd8+ Kh8 33. Nxb7 1-0

[Event "desafio"]
[Site "http://www.queenalice.com/game.php?id=30889"]
[Date "2005.9.29"]
[Round "-"]
[White "ajj_br"]
[Black "pfilho"]
[Result "0-1"]
[WhiteElo "815"]
[BlackElo "1354"]

1. Nf3 d5 2. d4 Nf6 3. e3 e6 4. Ne5 Bd6 5. a3 Ne4 6. Qe2 c5 7. Qf3 O-O 8. Be2
cxd4 9. exd4 f6 10. Ng4 f5 11. Ne5 Qf6 12. Qf4 Nc6 13. Nxc6 Bxf4 14. Bxf4 bxc6
15. O-O Qxd4 16. Nc3 Rb8 17. Bxb8 Nxc3 18. Bf3 Na4 19. b3 Ba6 20. Rfe1 Rxb8 21.
Rad1 Qf4 22. h3 Nc3 23. Rc1 Na2 24. Ra1 Nc3 25. Rxe6 Qd2 26. Rxc6 Be2 27. Bxe2
Nxe2+ 28. Kf1 Nd4 29. Rd6 Qxc2 30. Rxd5 Nxb3 31. Rad1 Re8 32. g4 f4 33. Re1 Qc4+
34. Kg1 Rxe1+ 0-1

[Event "AUTO-ADV-87"]
[Site "http://www.queenalice.com/game.php?id=31374"]
[Date "2005.10.2"]
[Round "1"]
[White "pfilho"]
[Black "tewald"]
[Result "0-1"]
[WhiteElo "1278"]
[BlackElo "1622"]

1. e4 e5 2. Bc4 Nf6 3. Nc3 Nc6 4. d3 Bc5 5. Nf3 d6 6. Ng5 O-O 7. O-O a6 8. a4 h6
9. Nf3 Bg4 10. h3 Bh5 11. g4 Nxg4 0-1

[Event "AUTO-ADV-87"]
[Site "http://www.queenalice.com/game.php?id=31375"]
[Date "2005.10.2"]
[Round "1"]
[White "tewald"]
[Black "pfilho"]
[Result "1-0"]
[WhiteElo "1620"]
[BlackElo "1280"]

1. d4 e6 2. c4 c6 3. Nc3 Bb4 4. Qb3 Bxc3+ 5. Qxc3 Nf6 6. Bg5 h6 7. Bh4 g5 8. Bg3
Ne4 9. Qe3 f5 10. Be5 Rf8 11. Bxb8 Rxb8 12. g3 1-0